00523nam a2200169 a 4500008004100000020001500041050001700056100002300073245003700096260003500133300001600168350000900184490005000193650004100243650001300284710005600297120416s1996 ||||||||||||||||| || u a1857300440 aBOE(08)HCB/4 aScott, Christopher10aInternal audit in a Central Bank aLondon:bBank of Englandc1996 a33p. : ill. a0.00 aBank of England. Handbooks in Central Banking aBANKS AND BANKING, CENTRAL--AUDITING aAUDITING aBank of England. Centre for Central Banking Studies